000
00297nam a2200145Ia 4500
100
_a
Shikha Shrivastava
650
_a
Power electronics
942
_c
BK
245
_a
Power Electronics
260
_b
Nandu
_c
2015
082
_a
621.317
_b
SHI
300
_a
396
546
_a
ENGLISH
999
_c
25001
_d
25001